| 000 | 00642nam a2200229Ia 4500 | ||
|---|---|---|---|
| 003 | OSt | ||
| 005 | 20220107122738.0 | ||
| 008 | 130318s9999 xx 000 0 und d | ||
| 020 | _a9788120331556 | ||
| 040 | _cIIITM-K | ||
| 082 | _a004.6 TUL/M | ||
| 100 |
_aTulloch, Mitch _94268 |
||
| 245 |
_aMicrosoft Encyclopedia of Networking _cby Mitch Tulloch; Ingrid Tulloch |
||
| 250 | _a2nd ed. | ||
| 260 |
_bPHI Learning, _aNew Delhi, _c2009. |
||
| 300 |
_alvi, 1313p. _e1 CD |
||
| 650 |
_aCOMPUTER SCIENCE _94269 |
||
| 650 |
_aCOMPUTER NETWORKS _94270 |
||
| 650 |
_aENCYCLOPEDIA _94271 |
||
| 700 |
_aTulloch, Ingrid _94272 |
||
| 942 |
_2ddc _cRBK |
||
| 999 |
_c3888 _d3888 |
||